Oceania Capitals to Country - Statistics

General Stats
  • This quiz has been taken 528 times
  • The average score is 12 of 14
Answer Stats
Country Capital % Correct
Canberra Australia
99%
Wellington New Zealand
99%
Suva Fiji
86%
Port Moresby Papua New Guinea
83%
Apia Samoa
83%
Funafuti Tuvalu
83%
Port Vila Vanuatu
81%
Yaren Nauru
80%
Ngerulmud Palau
80%
Majuro Marshall Islands
78%
Honiara Solomon Islands
78%
Nuku'alofa Tonga
78%
Palikir Fed. States of Micronesia
76%
Tarawa Kiribati
74%
No matching quizzes found
Score Distribution
Percent of People with Each Score
Percentile by Number Answered
Your Score History
You have not taken this quiz